| 000 | 00969nas a2200253 4500 | ||
|---|---|---|---|
| 005 | 20190219145722.0 | ||
| 008 | 190219b xxu||||| |||| 00| 0 spa d | ||
| 022 | _a03793982 | ||
| 082 | _aTecnología en Marcha Vol 31, N° 1, 2018 | ||
| 100 |
_aVargas Sanabria, Daniela _952353 |
||
| 100 |
_aCampos Vargas, Carlos _952354 |
||
| 245 | _aSistema multi-algoritmo para la clasificación de coberturas de la tierra en el bosque seco tropical del Área de Conservación Guanacaste, Costa Rica | ||
| 260 | _aCosta Rica | ||
| 260 | _bTecnología en marcha | ||
| 260 | _c2018 | ||
| 300 | _a58-69 páginas | ||
| 440 |
_aTecnología en marcha _n1 _v31 _952355 |
||
| 650 |
_aCOSTA RICA _952356 |
||
| 650 |
_aCOBERTURA DE LA TIERRA _952357 |
||
| 650 |
_aBOSQUE SECO _929106 |
||
| 650 |
_aÁREA DE CONSERVACIÓN GUANACASTE _918215 |
||
| 942 | _cREV | ||
| 773 | 0 |
_04589 _932825 _a _b _dCosta Rica Editorial Tecnológica de Costa Rica _oTI18131 _tTecnología en Marcha _w _x0379-3982 _z |
|
| 999 |
_c11648 _d11648 |
||